[Event "JAGI 0"]
[Site "SchemingMind.com"]
[Date "2023.11.27"]
[Round "-"]
[White "Archon"]
[Black "Tintinyana"]
[Result "1-0"]
[WhiteCountry "CAN"]
[BlackCountry "RSA"]
[WhiteElo "1732"]
[WhiteRD "61"]
[BlackElo "1451"]
[BlackRD "93"]
[GameID "739556"]

1. d4 Nf6 2. Bf4 e6 3. e3 d5 4. Nd2 Nbd7 5. Ngf3 Be7 6. Bd3 c5 7. c3 c4 8. Bc2 h6 9. h4 Qb6 10. Rb1 Nf8
11. Ne5 g6 12. g4 N6h7 13. Bxh6 Nd7 14. Qf3 Nxe5 15. dxe5 Rg8 16. Ba4+ Bd7 17. Bxd7+ Kxd7 18. Qxf7
1-0

[Event "JAGI 0"]
[Site "SchemingMind.com"]
[Date "2023.11.26"]
[Round "-"]
[White "Phillip Beckett"]
[Black "roscoe"]
[Result "1-0"]
[WhiteCountry "ENG"]
[BlackCountry "USA"]
[WhiteElo "1509"]
[WhiteRD "51"]
[BlackElo "1221"]
[BlackRD "101"]
[GameID "739557"]

1. e4 e5 2. Nf3 d6 3. d4 h6 4. dxe5 Nc6 5. exd6 Qxd6 6. Qxd6 Bxd6 7. Bb5 Ne7 8. e5 Bb4+ 9. c3 Bc5 10. Nd4 O-O
11. Nxc6 bxc6 12. Bd3 Bb6 13. Bf4 Nd5 14. Bg3 Be6 15. O-O a5 16. Nd2 Ne7 17. Ne4 Rad8 18. Bc2 Bc4 19. Rfd1 c5 20. Rxd8 Bd5
21. Rxf8+ Kxf8 22. Kf1 c4 23. f4 c5 24. Nf2 Nf5 25. Re1 Be6 26. Bxf5
1-0

[Event "JAGI 0"]
[Site "SchemingMind.com"]
[Date "2023.11.27"]
[Round "-"]
[White "Kenny Elliott"]
[Black "Phillip Beckett"]
[Result "1/2-1/2"]
[WhiteCountry "USA"]
[BlackCountry "ENG"]
[WhiteElo "1495"]
[WhiteRD "73"]
[BlackElo "1461"]
[BlackRD "52"]
[GameID "739558"]

1. d4 d5 2. Nf3 Nf6 3. e3 e6 4. Nc3 c5 5. Bb5+ Bd7 6. Bxd7+ Nbxd7 7. O-O Bd6 8. Re1 O-O 9. Nb5 Be7 10. Bd2 a6
11. Nc3 Rc8 12. Rb1 cxd4 13. exd4 b5 14. a3 Nb6 15. b3 Bxa3 16. Ra1 Bb4 17. Rxa6 Bxc3 18. Bxc3 Rxc3 19. Qd2 Rc6 20. Ne5 Rd6
21. Qb4 Nc4 22. Rxd6 Qxd6 23. Qxd6 Nxd6 24. Ra1 Rc8 25. Ra6 Nfe8 26. Nc6 Kf8 27. Kf1 g6 28. Ke2 Nc7 29. Rb6 Ne4 30. f3 Nf6
31. g3 Na8 32. Ra6 Nd7 33. Kd3 Ndb6 34. Nb4 Ke7 35. c3 h5 36. Ra1 Kf6 37. h4 Kg7 38. Na6 f6 39. Nc5 e5 40. Ra7+ Kf8
41. Ne6+ Ke8 42. Rg7 g5 43. hxg5 fxg5 44. Rxg5 Kf7 45. Nc5 exd4 46. cxd4 Rh8 47. f4 h4 48. gxh4 Rxh4 49. Ke3 Nc7 50. Kf3 Rh3+
51. Kg4 Rc3 52. Kf5 b4 53. Rg6 Nc8 54. Rf6+ Kg7 55. Rg6+ Kf7 56. Rf6+ Kg7 57. Rg6+ Kf7 58. Rf6+ Kg7
1/2-1/2

[Event "JAGI 0"]
[Site "SchemingMind.com"]
[Date "2023.11.27"]
[Round "-"]
[White "Derek Price"]
[Black "Phillip Beckett"]
[Result "1-0"]
[WhiteCountry "ENG"]
[BlackCountry "ENG"]
[WhiteElo "2358"]
[WhiteRD "67"]
[BlackElo "1509"]
[BlackRD "51"]
[GameID "739559"]

1. c4 e5 2. Nc3 Nf6 3. Nf3 Nc6 4. g3 d5 5. cxd5 Nxd5 6. Bg2 Be6 7. O-O f6 8. d4 Nxd4 9. Nxd4 exd4 10. Qxd4 Nxc3
11. Qxc3 c6 12. Be3 Qc7 13. Rfd1 Be7 14. Bd4 O-O 15. Qe3 Bf7 16. Bxa7 Rfd8 17. Bb6 Rxd1+ 18. Rxd1 Qe5 19. Qxe5 fxe5 20. Rd7 Kf8
21. a3 Ra6 22. Rxb7 Bd5 23. Bxd5 cxd5 24. Bc7 Bf6 25. b3 Ke8 26. a4 d4 27. Bb6 Ra8 28. Kf1 e4 29. Rc7 Rb8 30. a5 Bd8
31. Rxg7 Bxb6 32. Rg8+
1-0

[Event "JAGI 0"]
[Site "SchemingMind.com"]
[Date "2023.11.26"]
[Round "-"]
[White "Phillip Beckett"]
[Black "Archon"]
[Result "0-1"]
[WhiteCountry "ENG"]
[BlackCountry "CAN"]
[WhiteElo "1509"]
[WhiteRD "51"]
[BlackElo "1735"]
[BlackRD "62"]
[GameID "739560"]

1. e4 g6 2. d4 Bg7 3. Nf3 d6 4. Nc3 Nf6 5. Be2 O-O 6. O-O a6 7. h3 Nc6 8. Be3 e5 9. dxe5 Nxe5 10. Nxe5 dxe5
11. Qxd8 Rxd8 12. Rad1 Be6 13. f3 h6 14. Rxd8+ Rxd8 15. Rd1 Rxd1+ 16. Nxd1 Bf8 17. a3 Nd7 18. Nf2 h5 19. Nd3 Bc4 20. Kf2 f6
21. Nc1 Bxe2 22. Nxe2 Bc5= 23. b4 Bxe3+ 24. Kxe3 Nb6 25. Nc1 Nc4+ 26. Kd3 Nxa3 27. c3 b5 28. Nb3 Nc4 29. Nc5 a5 30. bxa5 Nxa5
31. Na6 c6 32. Nb4 Kf7 33. Nc2 Ke6 34. Ne3 Kd6 35. Nf1 Nc4 36. Ng3 Nb2+ 37. Kc2 Nc4 38. Kd3 Kc5 39. Ne2 g5 40. Nc1 b4
41. cxb4+ Kxb4 42. Ne2 c5 43. Nc3 Nb6 44. Na2+ Kb3 45. Nc1+ Kb2 46. Ne2 c4+ 47. Kd2 Na4 48. Kd1 c3 49. Nc1 Nc5 50. Ne2 c2+
51. Kd2 Nb3+
0-1

[Event "JAGI 0"]
[Site "SchemingMind.com"]
[Date "2023.11.26"]
[Round "-"]
[White "pmdpsp"]
[Black "Phillip Beckett"]
[Result "1-0"]
[WhiteCountry "GER"]
[BlackCountry "ENG"]
[WhiteElo "1688"]
[WhiteRD "77"]
[BlackElo "1509"]
[BlackRD "51"]
[GameID "739561"]

1. d4 d5 2. Nf3 Nf6 3. Bg5 e6 4. c4 Be7 5. e3 h6 6. Bh4 O-O 7. a3 c6 8. Bd3 dxc4 9. Bxc4 Nbd7 10. O-O Nb6
11. Ba2 Nfd5 12. Bg3 Nc7 13. Nc3 Ncd5 14. Qc2 Nxc3 15. bxc3 Nd5 16. e4 Nf6 17. e5 Nd5 18. h4 b6 19. h5 Bb7 20. Bb1 f5
21. exf6 Nxf6 22. Be5 Bd6 23. Bxf6 Qxf6 24. Re1 c5 25. Qh7+ Kf7 26. Bg6+ Ke7 27. Be4 Bxe4 28. Qxe4 Rae8 29. d5 e5 30. Ra2 Kd8
31. Qa4 e4 32. Rae2 Qf4 33. Rxe4 Rxe4 34. Rxe4 Qc1+ 35. Re1 Qxc3 36. Qxa7 Rxf3 37. Qa8+ Kc7 38. Qa7+ Kd8 39. Qxb6+ Bc7 40. Qe6 Re3
41. Rxe3 Qc1+ 42. Re1
1-0

[Event "JAGI 0"]
[Site "SchemingMind.com"]
[Date "2023.11.26"]
[Round "-"]
[White "malcolm chugg"]
[Black "Phillip Beckett"]
[Result "1-0"]
[WhiteCountry "WLS"]
[BlackCountry "ENG"]
[WhiteElo "1144"]
[WhiteRD "50"]
[BlackElo "1509"]
[BlackRD "51"]
[GameID "739562"]

1. Nf3 Nf6 2. Nc3 g6 3. d3 Bg7 4. e4 d6 5. Be3 O-O 6. Nb5 a6 7. Nc3 Nbd7 8. Be2 c6 9. Qb1 e5 10. d4 exd4
11. Nxd4 Ne5 12. Bg5 Qc7 13. b4 h6 14. Bf4 Bg4 15. f3 Bd7 16. Qc1 g5 17. Bxe5 dxe5 18. Nb3 Be6 19. Nc5 Rfe8 20. Nxe6 Rxe6
21. g4 Rd6 22. Na4 b5 23. Nc3 Rad8 24. O-O Rd2 25. Bd3 Qb6+ 26. Kh1 Rf2 27. Qd1 Rxf1+ 28. Qxf1 c5 29. a3 c4 30. Be2 Rd2
31. Rc1 h5 32. a4 hxg4 33. fxg4 Qe3 34. Re1 Qxc3 35. Kg1 Qxc2 36. axb5 Nxe4 37. Rc1 Qb2 38. bxa6 Rxe2 39. a7 Rf2 40. a8=Q+ Bf8
41. Qxe4 Rxf1+ 42. Rxf1 Qxb4 43. Qxe5 Qd2 44. Rf2 Qd1+ 45. Kg2 Bg7 46. Qxg5 Qd3 47. Rd2 Qe4+ 48. Kh3 Qf3+ 49. Kh4 f6 50. Qd5+ Kh7
51. Qxf3
1-0

[Event "JAGI 0"]
[Site "SchemingMind.com"]
[Date "2023.11.26"]
[Round "-"]
[White "Phillip Beckett"]
[Black "Chessibelle"]
[Result "1-0"]
[WhiteCountry "ENG"]
[BlackCountry "ENG"]
[WhiteElo "1509"]
[WhiteRD "51"]
[BlackElo "1087"]
[BlackRD "54"]
[GameID "739563"]

1. e4 e5 2. Nf3 Nc6 3. Bb5 d6 4. d4 Bd7 5. dxe5 a6 6. Bxc6 Bxc6 7. exd6 cxd6 8. O-O Bd7 9. Nc3 g6 10. Re1 Be7
11. e5 Be6 12. exd6 Bxd6 13. Nd4 Ne7 14. Nxe6 Qb6 15. Ng7+ Kd7 16. Bf4 Nf5 17. Nxf5 gxf5 18. Qxd6+ Qxd6 19. Bxd6 Kxd6 20. Rad1+ Kc7
21. Re7+ Kb6 22. Rdd7 Rhf8 23. Rxb7+ Ka5 24. b4#
1-0

[Event "JAGI 0"]
[Site "SchemingMind.com"]
[Date "2023.12.01"]
[Round "-"]
[White "Phillip Beckett"]
[Black "JAHI"]
[Result "0-1"]
[WhiteCountry "ENG"]
[BlackCountry "INT"]
[WhiteElo "1484"]
[WhiteRD "54"]
[BlackElo "2204"]
[BlackRD "80"]
[GameID "739564"]

1. e4 f6 2. d4 a6 3. Bd3 a5 4. e5 g6 5. c3 Na6 6. Qc2 Bg7 7. Bxg6+ hxg6 8. Qxg6+ Kf8 9. exf6 Nxf6 10. Bg5 Qe8
11. Qxe8+ Kxe8 12. Nf3 d6 13. Nbd2 Bg4 14. O-O-O Kd7 15. h3 Bxf3 16. Nxf3 Bh6 17. Bxh6 Rxh6 18. Rhe1 Rg8 19. Ne5+ Ke8 20. Nf3 Rxg2
21. h4 Rxf2 22. Ng5 Rxh4 23. Rf1 Rxf1 24. Rxf1 Kd7 25. Kd2 c6 26. Nf3 Rh3 27. Ng5 Rh2+ 28. Kc1 Nc7 29. Nf3 Rh3 30. Nd2 Ncd5
31. Nc4 Nxc3 32. Nb6+ Kc7 33. bxc3 Kxb6
0-1

[Event "JAGI 0"]
[Site "SchemingMind.com"]
[Date "2023.11.27"]
[Round "-"]
[White "LockettJ"]
[Black "Phillip Beckett"]
[Result "1-0"]
[WhiteCountry "ENG"]
[BlackCountry "ENG"]
[WhiteElo "2094"]
[WhiteRD "91"]
[BlackElo "1509"]
[BlackRD "51"]
[GameID "739566"]

1. c4 e5 2. Nc3 Nf6 3. g3 Nc6 4. Bg2 d6 5. d3 Be7 6. Nf3 h6 7. O-O O-O 8. Rb1 Ne8 9. b4 a6 10. Nd2 f5
11. a4 f4 12. Nde4 Nd4 13. e3 fxe3 14. fxe3 Nc6 15. Rxf8+ Bxf8 16. d4 exd4 17. exd4 Bf5 18. Rb2 Bxe4 19. Nxe4 Nf6 20. Nxf6+ Qxf6
21. Rf2 Qxd4 22. Qxd4 Nxd4 23. Bxb7 Rb8 24. Bd5+ Kh7 25. b5 Be7 26. bxa6 c6 27. Be4+ Kg8 28. a7 Bf6 29. axb8=Q+
1-0

[Event "JAGI 0"]
[Site "SchemingMind.com"]
[Date "2023.11.26"]
[Round "-"]
[White "Chesswitchery"]
[Black "Phillip Beckett"]
[Result "1/2-1/2"]
[WhiteCountry "USA"]
[BlackCountry "ENG"]
[WhiteElo "1621"]
[WhiteRD "62"]
[BlackElo "1509"]
[BlackRD "51"]
[GameID "739567"]

1. d4 d5 2. c4 e6 3. e3 Nf6 4. Nf3 Be7 5. Nc3 O-O 6. Bd3 dxc4 7. Bxc4 Nbd7 8. O-O c5 9. Re1 cxd4 10. exd4 Nb6
11. Bb3 Nbd5 12. Bd2 Bd7 13. Nxd5 Nxd5 14. Bxd5 exd5 15. Rc1 Be6 16. h3 Rc8 17. Rxc8 Qxc8 18. b4 Qc7 19. Qe2 Bd6 20. Rc1 Qb8
21. a3 Re8 22. Qd3 Rc8 23. Rxc8+ Qxc8 24. Ng5 Bf5 25. Qe3 h6 26. Nf3 Qe6 27. Qxe6 Bxe6 28. Bc3 Kf8 29. Ne5 Bxe5 30. dxe5 Ke8
31. f4 Kd7 32. a4 Kc6 33. g4 a6 34. Kf2 g6 35. Ke3 b5 36. a5 Kd7 37. Kf3 Kc6 38. Bd4 Bd7 39. h4 h5 40. g5 Bf5
41. Ke3 Be6 42. Bc5 Bf5=
1/2-1/2

[Event "JAGI 0"]
[Site "SchemingMind.com"]
[Date "2023.11.27"]
[Round "-"]
[White "Phillip Beckett"]
[Black "Tintinyana"]
[Result "1-0"]
[WhiteCountry "ENG"]
[BlackCountry "RSA"]
[WhiteElo "1461"]
[WhiteRD "52"]
[BlackElo "1451"]
[BlackRD "93"]
[GameID "739568"]

1. e4 e5 2. Nf3 Nf6 3. Nxe5 Nc6 4. Nxc6 dxc6 5. Nc3 Bc5 6. Qe2 O-O 7. d3 b5 8. Be3 Bb4 9. a3 Be7 10. g3 a6
11. Bg2 Bg4 12. f3 Be6 13. O-O c5 14. f4 c6 15. f5 Bd7 16. e5 Nd5 17. Nxd5 cxd5 18. Qg4
1-0

[Event "JAGI 0"]
[Site "SchemingMind.com"]
[Date "2023.11.26"]
[Round "-"]
[White "roscoe"]
[Black "pmdpsp"]
[Result "0-1"]
[WhiteCountry "USA"]
[BlackCountry "GER"]
[WhiteElo "1221"]
[WhiteRD "101"]
[BlackElo "1688"]
[BlackRD "77"]
[GameID "739569"]

1. d4 d5 2. c4 Nf6 3. Nc3 dxc4 4. e3 Be6 5. b3 cxb3 6. axb3 Bd5 7. Nxd5 Nxd5 8. Bb5+ c6 9. Bc4 e6 10. Ba3 Be7
11. Nf3 Bb4+ 12. Bxb4 Nxb4 13. O-O O-O 14. Ra4 a5 15. h3 b5 16. Ra3 bxc4 17. bxc4 c5 18. d5 exd5 19. cxd5 Qxd5 20. Re1 Qb7
21. Qb1 Nd7 22. e4 c4 23. e5 Rfc8 24. Nd4 c3 25. Re3 Qc7 26. Nb5 c2 27. Qc1 Qb6 28. Nc3 Nxe5 29. Rxe5 Nd3 30. Qxc2 Nxe5
31. Qe4 Qb4
0-1

[Event "JAGI 0"]
[Site "SchemingMind.com"]
[Date "2023.11.27"]
[Round "-"]
[White "pmdpsp"]
[Black "Derek Price"]
[Result "0-1"]
[WhiteCountry "GER"]
[BlackCountry "ENG"]
[WhiteElo "1688"]
[WhiteRD "77"]
[BlackElo "2358"]
[BlackRD "67"]
[GameID "739570"]

1. c4 e5 2. Nc3 Nf6 3. a3 d6 4. e3 g6 5. Be2 Bg7 6. Nf3 O-O 7. O-O e4 8. Nd4 c5 9. Nc2 Nc6 10. d3 exd3
11. Bxd3 d5 12. cxd5 Nxd5 13. Nxd5 Qxd5 14. Be2 Qxd1 15. Rxd1 Bf5 16. Ne1 Na5 17. f3 Nb3 18. Ra2 Bb1 19. Bc4 Bxa2 20. Kf2 Rad8
21. Nd3 Nxc1
0-1

[Event "JAGI 0"]
[Site "SchemingMind.com"]
[Date "2023.11.27"]
[Round "-"]
[White "Chessibelle"]
[Black "pmdpsp"]
[Result "0-1"]
[WhiteCountry "ENG"]
[BlackCountry "GER"]
[WhiteElo "1087"]
[WhiteRD "54"]
[BlackElo "1688"]
[BlackRD "77"]
[GameID "739571"]

1. Nf3 d5 2. d4 Bf5 3. Nc3 Nf6 4. g3 Qd7 5. Ne5 Qe6 6. f4 Nbd7 7. b3 O-O-O 8. Bg2 c6 9. O-O Bh3 10. Rf2 Ng4
11. Rf3 Bxg2 12. Kxg2 h5 13. Na4 h4 14. Kh1 hxg3 15. f5 Rxh2+
0-1

[Event "JAGI 0"]
[Site "SchemingMind.com"]
[Date "2023.11.26"]
[Round "-"]
[White "pmdpsp"]
[Black "Chesswitchery"]
[Result "0-1"]
[WhiteCountry "GER"]
[BlackCountry "USA"]
[WhiteElo "1688"]
[WhiteRD "77"]
[BlackElo "1621"]
[BlackRD "62"]
[GameID "739572"]

1. c4 e5 2. Nc3 Nf6 3. d4 exd4 4. Qxd4 Nc6 5. Qd1 Bb4 6. Qc2 Nd4 7. Qd3 Ne6 8. a3 Bxc3+ 9. Qxc3 O-O 10. Nf3 d6
11. Bg5 Nxg5 12. Nxg5 h6 13. Nf3 Re8 14. e3 Ne4 15. Qc2 c5 16. Bd3 f5 17. O-O b6 18. Ne1 Qf6 19. f3 Ng5 20. f4 Ne4
21. Nf3 Bb7 22. Nd2 Nxd2 23. Qxd2 d5 24. Rad1 d4 25. exd4 cxd4 26. b4 Be4 27. Qa2 Bxd3 28. Rxd3 Re3 29. Rf3 Re1+ 30. Kf2 Rae8
31. Rd2 Qh4+ 32. Rg3 Qxh2 33. Re2 Qg1+ 34. Kf3 R1xe2 35. Qxe2 Rxe2 36. Kxe2 Qa1 37. c5 Qb2+ 38. Kf1 bxc5 39. bxc5 Qb5+
0-1

[Event "JAGI 0"]
[Site "SchemingMind.com"]
[Date "2023.11.27"]
[Round "-"]
[White "Tintinyana"]
[Black "pmdpsp"]
[Result "1-0"]
[WhiteCountry "RSA"]
[BlackCountry "GER"]
[WhiteElo "1680"]
[WhiteRD "98"]
[BlackElo "1688"]
[BlackRD "77"]
[GameID "739573"]

1. e4 e5 2. f4 Nc6 3. Nf3 d6 4. Bc4 h6 5. Nc3 Nf6 6. O-O Be7 7. d3 Na5 8. fxe5 Nd7 9. exd6 Bxd6 10. Bxf7+ Kxf7
11. e5 Be7 12. Ng5+ Kg8 13. Ne6 Qe8 14. Qg4 Rh7 15. Nxc7 Nxe5 16. Qd4 Qh5 17. Qd5+ Kh8 18. Qd8+ Bxd8 19. Rf8#
1-0

[Event "JAGI 0"]
[Site "SchemingMind.com"]
[Date "2023.11.26"]
[Round "-"]
[White "roscoe"]
[Black "malcolm chugg"]
[Result "1-0"]
[WhiteCountry "USA"]
[BlackCountry "WLS"]
[WhiteElo "1221"]
[WhiteRD "101"]
[BlackElo "1144"]
[BlackRD "50"]
[GameID "739574"]

1. d4 f5 2. c4 d6 3. Nc3 c6 4. g3 b6 5. d5 c5 6. Bg2 e6 7. Nf3 e5 8. e4 Be7 9. O-O g5 10. exf5 Bxf5
11. Re1 Bf6 12. a3 g4 13. Nh4 Bxh4 14. Ne4 Be7 15. b4 a6 16. bxc5 dxc5 17. d6 Bf6 18. Nxf6+ Nxf6 19. Rxe5+ Kf7 20. Rxf5 h5
21. Bd5+ Kg7 22. Rg5+ Kf8 23. Bxa8 Rg8 24. Rf5 Nd7 25. Bh6+ Ke8 26. Bd5 Rg6 27. Qe1+
1-0

[Event "JAGI 0"]
[Site "SchemingMind.com"]
[Date "2023.11.27"]
[Round "-"]
[White "malcolm chugg"]
[Black "Derek Price"]
[Result "0-1"]
[WhiteCountry "WLS"]
[BlackCountry "ENG"]
[WhiteElo "1144"]
[WhiteRD "50"]
[BlackElo "2358"]
[BlackRD "67"]
[GameID "739575"]

1. Nf3 Nf6 2. Nc3 d5 3. e3 e6 4. d3 Be7 5. Bd2 O-O 6. Be2 c5 7. d4 Nc6 8. Bc1 a6 9. O-O Qc7 10. g3 b5
11. a4 b4 12. Na2 c4 13. Bd2 a5 14. Kh1 e5 15. c3 e4 16. Ne1 b3 17. Nc1 Bd6 18. Rg1 g6 19. f3 h5 20. Bf1 Kg7
21. Ng2 exf3 22. Qxf3 Bg4 23. Qf2 Ne4 24. Qe1 Bxg3 25. hxg3 Nxg3+ 26. Kh2 Nxf1+ 27. Kh1 Qh2#
0-1

[Event "JAGI 0"]
[Site "SchemingMind.com"]
[Date "2023.11.26"]
[Round "-"]
[White "malcolm chugg"]
[Black "pmdpsp"]
[Result "0-1"]
[WhiteCountry "WLS"]
[BlackCountry "GER"]
[WhiteElo "1151"]
[WhiteRD "49"]
[BlackElo "1684"]
[BlackRD "88"]
[GameID "739576"]

1. Nf3 Nc6 2. Nc3 d5 3. e3 e5 4. d4 e4 5. Nd2 f5 6. f3 Nxd4 7. exd4 e3 8. Ndb1 f4 9. Be2 Qg5 10. Bf1 Qh4+
11. Ke2 Qf2+ 12. Kd3 Bf5+ 13. Ne4 dxe4+ 14. fxe4 O-O-O 15. exf5 e2 16. Qxe2 Qxd4#
0-1

[Event "JAGI 0"]
[Site "SchemingMind.com"]
[Date "2023.11.27"]
[Round "-"]
[White "Chessibelle"]
[Black "malcolm chugg"]
[Result "1-0"]
[WhiteCountry "ENG"]
[BlackCountry "WLS"]
[WhiteElo "1087"]
[WhiteRD "54"]
[BlackElo "1144"]
[BlackRD "50"]
[GameID "739577"]

1. Nf3 Nf6 2. h3 d6 3. e3 e5 4. Be2 c5 5. O-O Be7 6. Nh2 O-O 7. f3 Nc6 8. c3 Bf5 9. d3 a6 10. e4 Bg6
11. c4 Nd4 12. Nc3 h5 13. f4 h4 14. f5 Bh7 15. Qe1 Nd7 16. Nd5 Nc2 17. Qf2 Nxa1 18. Bg4 Nb6 19. b3 Nxd5 20. exd5 Bg5
21. Bb2 Nxb3 22. axb3 f6 23. Nf3 Qb6 24. Qc2 g6 25. d4 exd4 26. Nxg5 fxg5 27. fxg6 Rxf1+ 28. Kxf1 Qc7 29. Bc1 Rf8+ 30. Kg1 Qg7
31. Bh5 Qe5 32. gxh7+ Kh8 33. Bd2 Rd8 34. Qg6 Qg7 35. Qf5 Qe5 36. Qf7 Qe2 37. Qf6+ Kxh7 38. Bg6+ Kh6 39. Qxg5+ Kg7 40. Bh5+
1-0

[Event "JAGI 0"]
[Site "SchemingMind.com"]
[Date "2023.11.26"]
[Round "-"]
[White "malcolm chugg"]
[Black "LockettJ"]
[Result "0-1"]
[WhiteCountry "WLS"]
[BlackCountry "ENG"]
[WhiteElo "1144"]
[WhiteRD "50"]
[BlackElo "2094"]
[BlackRD "91"]
[GameID "739580"]

1. Nf3 d5 2. e3 Nc6 3. d4 Bg4 4. Bd2 Nf6 5. Nc3 e6 6. Be2 Bd6 7. h3 Bh5 8. Bd3 O-O 9. Qe2 a6 10. O-O-O b5
11. Rdg1 Nb4 12. g4 Nxd3+ 13. Qxd3 Bg6 14. Qe2 b4 15. Nd1 Be4 16. c3 Qd7 17. b3 a5 18. Nb2 a4 19. Ne5 axb3 20. Be1 bxa2
21. Nxd7 a1=Q+ 22. Kd2 Qxb2+ 23. Kd1 Ra1#
0-1

[Event "JAGI 0"]
[Site "SchemingMind.com"]
[Date "2023.11.26"]
[Round "-"]
[White "malcolm chugg"]
[Black "Chesswitchery"]
[Result "0-1"]
[WhiteCountry "WLS"]
[BlackCountry "USA"]
[WhiteElo "1144"]
[WhiteRD "50"]
[BlackElo "1621"]
[BlackRD "62"]
[GameID "739581"]

1. Nf3 d5 2. e3 e6 3. d4 Nf6 4. Nc3 Bd7 5. Bd3 c5 6. Ne2 Nc6 7. c3 Be7 8. Qc2 cxd4 9. Nfxd4 Nxd4 10. exd4 O-O
11. Qb3 Bc6 12. c4 dxc4 13. Qxc4 Bd5 14. Qa4 a6 15. O-O b5 16. Qc2 Rc8 17. Qd1 Bd6 18. Bf4 Qb6 19. Bg5 Ne4 20. Bxe4 Bxe4
21. f3 Bc2 22. Qd2 Qb8 23. g3 h6 24. Bf4 e5 25. Be3 exd4 26. Bxd4 Bc5 27. Bxc5 Rxc5 28. Rac1 Qb6 29. Qd4 Rd8 30. Qe3 Rdc8
31. Nd4 Bg6 32. h4 Rxc1 33. Rxc1 Rxc1+ 34. Qxc1 Qxd4+ 35. Kh2 Qf2+ 36. Kh3 Bf5+ 37. g4 Qxf3+ 38. Kh2 Bxg4 39. Qh1 Qf4+ 40. Kg1 Qc1+
41. Kh2 Qxb2+ 42. Kg3 Bh5 43. Qd5 Qc3+ 44. Kf2 Qc2+ 45. Kg3 Qc7+ 46. Kf2 Qf4+ 47. Ke1 Qe3+ 48. Kf1 Qh3+ 49. Ke1 Qxh4+ 50. Kd2 Qf4+
51. Kd3 Qf3+ 52. Qxf3 Bxf3 53. Ke3 Bg4 54. Kf4 f5 55. a3 g5+ 56. Ke5 Kg7 57. Kd4 h5 58. Kc5 h4 59. Kb6 h3 60. Kxa6= Be2
61. Ka5 h2 62. a4 bxa4 63. Kxa4 g4 64. Kb4 h1=Q 65. Kc5 g3 66. Kd6 g2 67. Ke6 g1=Q 68. Kxf5 Qg6+ 69. Ke5 Qge4+ 70. Kd6 Qd1+
71. Kc5 Qc4+ 72. Kb6 Qb1+ 73. Ka5 Qca2#
0-1

[Event "JAGI 0"]
[Site "SchemingMind.com"]
[Date "2023.11.27"]
[Round "-"]
[White "Tintinyana"]
[Black "malcolm chugg"]
[Result "0-1"]
[WhiteCountry "RSA"]
[BlackCountry "WLS"]
[WhiteElo "1451"]
[WhiteRD "93"]
[BlackElo "1159"]
[BlackRD "55"]
[GameID "739582"]

1. e4 c5 2. d4 e6 3. Nf3 Nf6 4. Nc3 d6 5. dxc5 Nbd7 6. cxd6 Qb6 7. Bc4 Bxd6 8. O-O Bc5 9. Qe2 O-O 10. a3 a6
11. e5 Ne8 12. Ne4 f5 13. Neg5 Nc7 14. b4 Be7 15. Be3 Qc6 16. Nd4 Qa4 17. Bb3 Qxb3 18. cxb3 Nxe5 19. Bf4 Bxg5 20. Bxe5 Ne8
21. Qc4 Bd7 22. Nxe6 Bxe6 23. Qxe6+ Rf7 24. Rfd1 Nc7 25. Bxc7 Bf6
0-1

[Event "JAGI 0"]
[Site "SchemingMind.com"]
[Date "2023.11.27"]
[Round "-"]
[White "Chessibelle"]
[Black "roscoe"]
[Result "1-0"]
[WhiteCountry "ENG"]
[BlackCountry "USA"]
[WhiteElo "1087"]
[WhiteRD "54"]
[BlackElo "1221"]
[BlackRD "101"]
[GameID "739583"]

1. Nf3 Nf6 2. h3 d5 3. d4 Nc6 4. e3 e6 5. Nc3 b6 6. Be2 Bb4 7. Bd2 O-O 8. O-O Re8 9. a3 Bxc3 10. Bxc3 a5
11. Nh2 e5 12. f3 e4 13. f4 Ne7 14. Ng4 Nxg4 15. hxg4 c5 16. Rf2 cxd4 17. Qxd4 Nc6 18. Qxg7#
1-0

[Event "JAGI 0"]
[Site "SchemingMind.com"]
[Date "2023.11.26"]
[Round "-"]
[White "Chesswitchery"]
[Black "Chessibelle"]
[Result "1-0"]
[WhiteCountry "USA"]
[BlackCountry "ENG"]
[WhiteElo "1621"]
[WhiteRD "62"]
[BlackElo "1087"]
[BlackRD "54"]
[GameID "739585"]

1. d4 d5 2. c4 Nf6 3. Nf3 Be6 4. Nc3 g6 5. Qb3 b6 6. e3 Bg7 7. cxd5 Bf5 8. Bb5+ Nbd7 9. Bc6 Rb8 10. Ne5 O-O
11. Nxd7 Bxd7 12. Bxd7 Qxd7 13. O-O Ng4 14. h3 Nh6 15. Bd2 Kh8 16. Ne2 e6 17. dxe6 fxe6 18. Bc3 Nf5 19. Rad1 Qc6 20. d5 Qe8
21. Bxg7+ Nxg7 22. dxe6 Nxe6 23. Qc3+ Kg8 24. Qb3 Kg7 25. Qd5 c6 26. Qd7+ Rf7 27. Qxe8 Rxe8 28. Nc3 h5 29. Rd2 a6 30. Rfd1 Nc5
31. b4 Ne4 32. Nxe4 Rxe4 33. Rd7 Re6 34. Rxf7+ Kxf7 35. Rd7+ Kf6 36. Rd4 Kg7 37. a4 g5 38. g3 Re5 39. Rd6 c5 40. bxc5 Rxc5
41. Rxb6 Rc1+ 42. Kg2 Ra1 43. Rxa6 Rd1 44. a5 Rd5 45. e4 Re5 46. f3 Rc5 47. Ra8 Rc2+ 48. Kg1 Rc3 49. Ra7+ Kf6 50. Kg2 Ke5
51. a6 Rc2+ 52. Kg1 Kd4 53. Rd7+ Ke3 54. a7 Ra2 55. Rf7 Ke2 56. f4 Ra3 57. fxg5 Ra1+ 58. Kg2 Ke1 59. Rf1+
1-0

[Event "JAGI 0"]
[Site "SchemingMind.com"]
[Date "2023.11.27"]
[Round "-"]
[White "Chessibelle"]
[Black "Tintinyana"]
[Result "1-0"]
[WhiteCountry "ENG"]
[BlackCountry "RSA"]
[WhiteElo "1049"]
[WhiteRD "58"]
[BlackElo "1451"]
[BlackRD "93"]
[GameID "739586"]

1. Nf3 d5 2. d4 Bg4 3. e3 e6 4. Bd2 Nf6 5. Be2 Nbd7 6. b3 Bd6 7. g3 O-O 8. O-O Ne4 9. Bc1 Qe7 10. Bb2 f5
11. Nc3 c6 12. Re1 Rf6 13. a4 g5 14. Kg2 Rh6 15. Rh1 f4 16. h3 fxg3 17. fxg3 Bxf3+ 18. Bxf3 Nxg3 19. Rg1 Nf6 20. e4 dxe4
21. Nxe4 Ngxe4 22. Kf1 Ng3+ 23. Kg2 Nd5 24. Qe1 Rf8 25. Bd1
1-0

[Event "JAGI 0"]
[Site "SchemingMind.com"]
[Date "2023.12.01"]
[Round "-"]
[White "JAHI"]
[Black "roscoe"]
[Result "1-0"]
[WhiteCountry "INT"]
[BlackCountry "USA"]
[WhiteElo "2204"]
[WhiteRD "80"]
[BlackElo "1251"]
[BlackRD "110"]
[GameID "739587"]

1. a3 d5 2. a4 Nf6 3. Na3 g6 4. h3 Bg7 5. h4 h5 6. d3 O-O 7. d4 a5 8. g3 Nc6 9. Bh3 Ng4 10. c3 e6
11. f3 Nf6 12. Bg5 Qd6 13. Kf2 e5 14. Bxc8 Raxc8 15. Bxf6 Qxf6 16. e3 e4 17. Nh3 Na7 18. Nf4 Rfd8 19. fxe4 dxe4 20. Rf1 Bh6
21. Kg1 c5 22. Nxh5 Bxe3+ 23. Kg2 Qc6 24. Nf6+ Kg7 25. d5 Qc7 26. Nc4 Bh6 27. Qg4 b5 28. axb5 Nxb5 29. h5 Nd6 30. hxg6 fxg6
31. Ne5 Rf8 32. Qxg6+
1-0

[Event "JAGI 0"]
[Site "SchemingMind.com"]
[Date "2023.12.01"]
[Round "-"]
[White "Derek Price"]
[Black "JAHI"]
[Result "0-1"]
[WhiteCountry "ENG"]
[BlackCountry "INT"]
[WhiteElo "2379"]
[WhiteRD "72"]
[BlackElo "2197"]
[BlackRD "74"]
[GameID "739588"]

1. c4 f6 2. e3 f5 3. d4 Nf6 4. Nc3 a6 5. Bd3 e6 6. Nf3 Bb4 7. O-O Bxc3 8. bxc3 Kf8 9. Re1 d6 10. e4 fxe4
11. Bxe4 Nxe4 12. Rxe4 h6 13. Nh4 Kg8 14. Ng6 Rh7 15. h4 Nd7= 16. Rxe6 Nf8 17. Re3 Nxg6 18. h5 Nh4 19. c5 Rh8 20. Ba3 Qf6
21. cxd6 cxd6 22. d5 Kh7 23. Qb1+ Bf5 24. Qxb7 Rhe8 25. Qb6 Nxg2 26. Kxg2 Qg5+ 27. Kh2 Re4 28. Rg3 Rh4+ 29. Kg1 Be4 30. Kf1 Qxh5
31. Ke1 Rh1+ 32. Kd2 Rxa1 33. Bc1 Qh1 34. Qb2 Qf1 35. Re3 Rf8 36. f3 Rxf3 37. Rxf3 Qg2+ 38. Ke3 Qxf3+ 39. Kd2 Qf2+ 40. Kd1 Bf3+
41. Qe2 Qxe2#
0-1

[Event "JAGI 0"]
[Site "SchemingMind.com"]
[Date "2023.12.01"]
[Round "-"]
[White "pmdpsp"]
[Black "JAHI"]
[Result "0-1"]
[WhiteCountry "GER"]
[BlackCountry "INT"]
[WhiteElo "1636"]
[WhiteRD "76"]
[BlackElo "2204"]
[BlackRD "80"]
[GameID "739589"]

1. d4 f6 2. Nc3 f5 3. e4 e6 4. Nf3 Nf6 5. Bd3 d6 6. O-O Be7 7. e5 Nd5 8. Nxd5 exd5 9. Re1 Nc6 10. Ng5 dxe5
11. Qh5+ g6 12. Qh6 Bf8 13. Qh3 e4 14. Bb5 Bg7 15. c3 h6 16. Nf3 Kf7 17. Nd2 f4 18. g4 Qg5 19. f3 e3 20. Nf1 h5
21. Qg2 hxg4 22. fxg4 Qxg4 23. Nxe3 fxe3 24. Bxe3 Qxg2+ 25. Kxg2 Ne7 26. Bf4 c6 27. Bd3 Bf6 28. Re3 Nf5 29. Rh3 Nh4+
0-1